| 000 | 00809nam a2200205Ia 4500 | ||
|---|---|---|---|
| 005 | 20241129110150.0 | ||
| 008 | 241129s9999||||xx |||||||||||||| ||und|| | ||
| 037 | _aTB | ||
| 040 |
_aARTS _bpun _cARTS |
||
| 041 |
_apun _2pun |
||
| 084 |
_aO153,1:gJ R2 _qARTS |
||
| 100 | _aਮਹਿੰਦਰੂ, ਦੇਵਿੰਦਰ, ਂਚ। | ||
| 245 | 0 |
_aਭਗਤੀ ਕਾਲ ਦੀ ਸੰਤ ਬਾਣੀ: ਮੂਲ ਮਾਨਵੀ ਸਰੋਕਾਰ _cਮਹਿੰਦਰੂ, ਦੇਵਿੰਦਰ, ਂਚ। |
|
| 260 |
_aਅੰਮ੍ਰਿਤਸਰ, ਭਾਰਤ _bਅੰਮ੍ਰਿਤਸਰ ਰਵੀ ਸਾਹਿਤ ਪ੍ਰਕਾਸ਼ਨ _c2022 |
||
| 300 | _a247ਪ੍ਰ0 | ||
| 365 |
_aINR _b400 |
||
| 650 |
_aPunjabi Poetry _9187334 |
||
| 942 |
_cTB _hO153,1:gJ R2 |
||
| 999 |
_c1227564 _d1227564 |
||